书目信息 |
| 题名: |
国际运输货物保险
|
|
| 作者: | 曹立新 | |
| 分册: | ||
| 出版信息: | 北京 中国人民大学出版社 2004 |
|
| 页数: | 298 | |
| 开本: | 21cm | |
| 丛书名: | 高职高专国际贸易系列教材 | |
| 单 册: | ||
| 中图分类: | F840.63 | |
| 科图分类: | ||
| 主题词: | 保险 | |
| 电子资源: | ||
| ISBN: | 7-300-05814-0 | |
| 000 | 00595nam0 2200205 450 | |
| 001 | 0753815641 | |
| 005 | 20070930145655.64 | |
| 010 | @a7-300-05814-0@d¥25.00 | |
| 100 | @a20070930d km y0chiy0120 ea | |
| 101 | 0 | @achi |
| 200 | 1 | @a国际运输货物保险@Aguo ji yun shu huo wu bao xian@f曹立新@Fcao li xin |
| 210 | @a北京@c中国人民大学出版社@d2004 | |
| 215 | @a298@d21cm | |
| 225 | 2 | @a高职高专国际贸易系列教材 |
| 410 | 0 | @12001 @a高职高专国际贸易系列教材 |
| 606 | 0 | @a保险 |
| 690 | @aF840.63@v3 | |
| 701 | 0 | @a曹立新@Acao li xin |
| 801 | 0 | @aCN@bPFT@c20070930 |
| 905 | @a213230@dF840.63@eg95@f1 | |
| 国际运输货物保险/曹立新.-北京:中国人民大学出版社,2004 |
| 298;21cm.-(高职高专国际贸易系列教材) |
| ISBN 7-300-05814-0:¥25.00 |
| ● |
| 相关链接 |
|
|
|
|
正题名:国际运输货物保险
索取号:F840.63/g95
 
预约/预借
| 序号 | 登录号 | 条形码 | 馆藏地/架位号 | 状态 | 备注 |
| 1 | 6504065 | 265040653 | 密集书库-海洋学院/ [索取号:F840.63/g95] | 在馆 |